Literature by the Same Author Quiz Stats

 Plays Quiz Updated Feb 16, 2017

Score 0/50 Timer 17:00
16 Plays Today
% Correct
Adventures of Huckleberry Finn
84%
Angels and Demons
81.1%
Animal Farm
78.6%
Odyssey, The
76.3%
Through the Looking Glass
76.2%
Paradise Lost
75.3%
Dr. No
72.8%
Oliver Twist
72.2%
Tropic of Cancer
71.7%
Shining, The
70.8%
Sense and Sensibility
69.9%
Call of the Wild, The
68.2%
War and Peace
62.4%
Twenty Thousand Leagues Under the Sea
61.9%
Hunchback of Notre-Dame, The
61.1%
Three Musketeers, The
59.9%
Atlas Shrugged
59.4%
A Farewell to Arms
59.4%
Cat on a Hot Tin Roof
56.5%
Crime and Punishment
55.9%
Andromeda Strain, The
54.6%
A Study in Scarlet
53%
Death of a Salesman
52.8%
Hobbit, The
52.7%
Love in the Time of Cholera
52.7%
% Correct
Tinker, Tailor, Soldier, Spy
51.9%
Of Mice and Men
51.8%
Importance of Being Earnest, The
50.6%
Legend of Sleepy Hollow, The
50.4%
In Cold Blood
48%
Strange Case of Dr. Jekyll and Mr. Hyde
46.6%
Ulysses
45.4%
A Game of Thrones
45.3%
Lady Chatterley's Lover
43.9%
Raven, The
43.8%
Hamlet
41.4%
Metamorphosis, The
40%
Great Gatsby, The
39.8%
Mrs. Dalloway
38.4%
A Passage to India
38.4%
Tess of the D'Urbervilles
37%
Sound and the Fury, The
36.4%
Cider House Rules, The
34.8%
Witness for the Prosecution
34.5%
Cherry Orchard, The
33.8%
Steppenwolf
33.6%
Time Machine, The
32.7%
Name of the Rose, The
28.4%
Moll Flanders
27.5%
Lolita
23.4%

You're not logged in!

Compare scores with friends on all Sporcle quizzes.
OR
Log In

Show Comments

Extras

Top Quizzes Today


Score Distribution

Your Account Isn't Verified!

In order to create a playlist on Sporcle, you need to verify the email address you used during registration. Go to your Sporcle Settings to finish the process.

Report this User

Report this user for behavior that violates our Community Guidelines.

Details: